|
|
|
|
| LEADER |
00000cam a2200000 7i4500 |
| 001 |
0000004491 |
| 005 |
20170212093000.0 |
| 008 |
021118s1978 |
| 090 |
0 |
0 |
|a BP135.A2
|b H32
|
| 100 |
0 |
|
|a al-Haddadi, Muhammad Tajuddin ibn al-Manawi ,
|e author
|
| 245 |
0 |
0 |
|a 272 Hadits Qudsi
|c Muhammad Tajuddin ibn al-Manawi al-Haddadi
|f alihbahasa H. Salim Bahreisy
|
| 260 |
2 |
|
|a Surabaya :
|b Bina Ilmu ,
|c 1978
|
| 300 |
|
|
|a 166 ms. ;
|c 21 cm.
|
| 650 |
|
0 |
|a Hadith
|x Collections
|
| 999 |
|
|
|a 1000002700
|b Book
|c OPEN SHELF (30 DAYS)
|e Gong Badak Campus
|
| 999 |
|
|
|a 1000002701
|b Book
|c OPEN SHELF (30 DAYS)
|e Gong Badak Campus
|
| 999 |
|
|
|a 1000002702
|b Book
|c OPEN SHELF (30 DAYS)
|e Gong Badak Campus
|
| 999 |
|
|
|a 1000002704
|b Book
|c OPEN SHELF (30 DAYS)
|e Gong Badak Campus
|